[Event "Saarland-ch B 89th"]
[Site "Stennweiler"]
[Date "2014.04.18"]
[Round "8"]
[White "Zimmer, Luca"]
[Black "Schumacher, Aaron"]
[Result "1/2-1/2"]
[WhiteElo "1131"]
[BlackElo "1089"]
[PlyCount "56"]
[EventDate "2014.04.11"]
[EventType "swiss"]
[EventRounds "9"]
[EventCountry "GER"]
[SourceTitle "EXT 2016"]
[Source "ChessBase"]
[SourceDate "2015.10.08"]
[SourceVersion "1"]
[SourceVersionDate "2015.10.08"]
[SourceQuality "1"]

1. e4 c5 2. Nc3 Nc6 3. Bb5 Nf6 4. f4 d6 5. Nf3 Bg4 6. 0-0 e6 7. d3 a6 8. Bxc6+ bxc6 9. Qe1 Be7 10. b3 0-0 11. Bb2 d5 12. e5 Nh5 13. h3 Bxf3 14. Rxf3 f6 15. Qf2 Qc7 16. Re1 g6 17. Ne2 d4 18. g4 Ng7 19. Ng3 f5 20. g5 Rad8 21. Qh2 Qa5 22. Ra1 Kf7 23. Nf1 Nh5 24. Nd2 Qb4 25. Nc4 Qb7 26. Kg2 Qa7 27. Rff1 Rb8 28. Kf3 Qd7 1/2-1/2

[Event "GER-ch U25 op-B"]
[Site "Oberhof"]
[Date "2013.05.20"]
[Round "3"]
[White "Schumacher, Aaron"]
[Black "Moenster, Michel"]
[Result "1-0"]
[WhiteElo "1068"]
[BlackElo "1310"]
[PlyCount "81"]
[EventDate "2013.05.19"]
[EventType "swiss"]
[EventRounds "9"]
[EventCountry "GER"]
[SourceTitle "CBM 154 Extra"]
[Source "ChessBase"]
[SourceDate "2013.06.25"]
[SourceVersion "2"]
[SourceVersionDate "2013.06.25"]
[SourceQuality "1"]

1. d4 e6 2. e4 d5 3. e5 c5 4. c3 Nc6 5. Nf3 Nh6 6. Bxh6 gxh6 7. a3 Bd7 8. Qd2 Qb6 9. b4 cxd4 10. cxd4 a5 11. b5 Na7 12. a4 Bb4 13. Nc3 Rc8 14. Rc1 Qc7 15. b6 Qxb6 16. Be2 Bxc3 17. Rxc3 Rxc3 18. Qxc3 Bxa4 19. 0-0 Kd7 20. Ra1 Nb5 21. Qd3 Nxd4 22. Nxd4 Bc6 23. Nxc6 bxc6 24. Qd2 Qb4 25. Qxh6 Qb2 26. Re1 Qxe5 27. Qd2 Ra8 28. Bd3 Qd4 29. Rd1 Qg7 30. Qc2 h6 31. Rc1 Rc8 32. Bb5 Ke7 33. Qc5+ Kf6 34. Bxc6 Qg5 35. g3 h5 36. f4 Qf5 37. Qc3+ e5 38. fxe5+ Qxe5 39. Rf1+ Ke6 40. Bd7+ Kxd7 41. Qxe5 1-0

[Event "GER-ch U25 op-B"]
[Site "Oberhof"]
[Date "2013.05.19"]
[Round "2"]
[White "Granzin, Mina"]
[Black "Schumacher, Aaron"]
[Result "0-1"]
[WhiteElo "857"]
[BlackElo "1068"]
[PlyCount "40"]
[EventDate "2013.05.19"]
[EventType "swiss"]
[EventRounds "9"]
[EventCountry "GER"]
[SourceTitle "CBM 154 Extra"]
[Source "ChessBase"]
[SourceDate "2013.06.25"]
[SourceVersion "2"]
[SourceVersionDate "2013.06.25"]
[SourceQuality "1"]

1. e4 c5 2. Nf3 Nc6 3. Nc3 e5 4. Bd3 d6 5. 0-0 Nf6 6. Bc4 Be7 7. d3 0-0 8. Bg5 Bg4 9. h3 Bh5 10. Bxf6 Bxf6 11. g4 Bg6 12. Qd2 h5 13. g5 Be7 14. h4 Qd7 15. Rfe1 Qg4+ 16. Kf1 Qxf3 17. Rec1 Nd4 18. Ne2 Qh3+ 19. Ke1 Qh1+ 20. Ng1 Qxg1# 0-1

[Event "GER-chT U12"]
[Site "Verden"]
[Date "2012.12.30"]
[Round "7.2"]
[White "Schumacher, Aaron"]
[Black "Fischer, Patrick"]
[Result "0-1"]
[WhiteElo "1123"]
[BlackElo "1278"]
[PlyCount "86"]
[EventDate "2012.12.27"]
[EventType "team-swiss"]
[EventRounds "7"]
[EventCountry "GER"]
[SourceTitle "EXT 2014"]
[Source "ChessBase"]
[SourceDate "2013.11.20"]
[SourceVersion "1"]
[SourceVersionDate "2013.11.20"]
[SourceQuality "1"]
[WhiteTeam "Wadern Turm"]
[BlackTeam "Biberach"]
[WhiteTeamCountry "GER"]
[BlackTeamCountry "GER"]

1. e4 d5 2. e5 d4 3. Nf3 f6 4. c3 Nc6 5. Bb5 dxc3 6. Bxc6+ bxc6 7. Nxc3 e6 8. d4 c5 9. Bf4 Bb7 10. dxc5 Qxd1+ 11. Rxd1 Bxc5 12. Rd3 g5 13. Be3 Bb6 14. exf6 Nxf6 15. Bxg5 Nd5 16. Nxd5 exd5 17. Be3 0-0-0 18. Ne5 Rhe8 19. Ng4 d4 20. 0-0 Ba6 21. Rxd4 Bxd4 22. Re1 Bxe3 23. Nxe3 Rd2 24. Rc1 Rxb2 25. Nd5 Kb8 26. Nxc7 Rc8 27. Nxa6+ Kb7 28. Nc5+ Rxc5 29. Re1 Rxa2 30. h4 a5 31. Re7+ Rc7 32. Re5 Kb6 33. Re6+ Kb5 34. Kh2 Ra3 35. f4 Rc5 36. Re7 h5 37. Rb7+ Kc4 38. Rf7 Rd3 39. f5 a4 40. f6 Rdd5 41. Ra7 Kb4 42. f7 Rb5 43. Re7 Rd8 0-1

[Event "GER-chT U12"]
[Site "Verden"]
[Date "2012.12.27"]
[Round "2.2"]
[White "Schumacher, Aaron"]
[Black "Oezdemir, Edwin Daniel"]
[Result "0-1"]
[WhiteElo "1123"]
[BlackElo "1243"]
[PlyCount "76"]
[EventDate "2012.12.27"]
[EventType "team-swiss"]
[EventRounds "7"]
[EventCountry "GER"]
[SourceTitle "EXT 2014"]
[Source "ChessBase"]
[SourceDate "2013.11.20"]
[SourceVersion "1"]
[SourceVersionDate "2013.11.20"]
[SourceQuality "1"]
[WhiteTeam "Wadern Turm"]
[BlackTeam "Gerresheim"]
[WhiteTeamCountry "GER"]
[BlackTeamCountry "GER"]

1. e4 e5 2. Nf3 Nf6 3. Nc3 Bb4 4. Bc4 0-0 5. d3 d5 6. Bb3 d4 7. a3 Ba5 8. Bd2 dxc3 9. Bxc3 Bxc3+ 10. bxc3 Bg4 11. h3 Bh5 12. g4 Bg6 13. Nxe5 Qe7 14. Nxg6 hxg6 15. g5 Nh5 16. Rb1 Qxg5 17. Bd5 c6 18. Bc4 b5 19. Bb3 Nd7 20. c4 a6 21. c3 Ne5 22. cxb5 axb5 23. Ra1 Qg2 24. Rf1 Nf3+ 25. Ke2 Ng3+ 26. Ke3 Nxf1+ 27. Qxf1 Qxf1 28. Rxf1 Ng5 29. h4 Ne6 30. d4 Rxa3 31. Bc2 Rxc3+ 32. Bd3 Nf4 33. Rd1 Nxd3 34. Rxd3 Rxd3+ 35. Kxd3 f5 36. exf5 gxf5 37. f4 Rd8 38. h5 c5 0-1

[Event "GER-ch U12"]
[Site "Oberhof"]
[Date "2012.06.01"]
[Round "9"]
[White "Ter Stal, Esther"]
[Black "Schumacher, Aaron"]
[Result "1-0"]
[WhiteElo "984"]
[BlackElo "1087"]
[PlyCount "65"]
[EventDate "2012.05.27"]
[EventType "swiss"]
[EventRounds "11"]
[EventCountry "GER"]
[SourceTitle "CBM 148 Extra"]
[Source "ChessBase"]
[SourceDate "2012.06.22"]
[SourceVersion "1"]
[SourceVersionDate "2012.06.22"]
[SourceQuality "1"]

1. d4 e6 2. Nf3 d5 3. e3 c5 4. c3 Nc6 5. Bd3 Nf6 6. Nbd2 Bd7 7. 0-0 Bd6 8. Qe2 0-0 9. e4 cxd4 10. cxd4 Re8 11. e5 Bxe5 12. dxe5 Ng4 13. h3 Nh6 14. Nb3 f6 15. Bxh6 gxh6 16. Rfe1 Rf8 17. Bc2 Qc7 18. Qd3 Be8 19. exf6 Rxf6 20. Rac1 Bg6 21. Qc3 Qf7 22. Re2 Kh8 23. Rce1 Bxc2 24. Qxc2 Rg8 25. Qc3 Rg7 26. Kf1 Qg6 27. g3 Qf5 28. Kg2 d4 29. Nbxd4 Nxd4 30. Nxd4 Qf4 31. Nxe6 Rxe6 32. Rxe6 Qg5 33. Re8# 1-0

[Event "GER-ch U12"]
[Site "Oberhof"]
[Date "2012.05.30"]
[Round "7"]
[White "Schulz, Theresa Charlotte"]
[Black "Schumacher, Aaron"]
[Result "1-0"]
[WhiteElo "1011"]
[BlackElo "1087"]
[PlyCount "109"]
[EventDate "2012.05.27"]
[EventType "swiss"]
[EventRounds "11"]
[EventCountry "GER"]
[SourceTitle "CBM 148 Extra"]
[Source "ChessBase"]
[SourceDate "2012.06.22"]
[SourceVersion "1"]
[SourceVersionDate "2012.06.22"]
[SourceQuality "1"]

1. d4 e6 2. e3 d5 3. Bd3 c5 4. c3 Nf6 5. f4 Nc6 6. Nf3 Bd7 7. Nbd2 Ng4 8. 0-0 Nxe3 9. Qe1 Nxf1 10. Qxf1 Bd6 11. Qe1 b6 12. Qg3 Qc7 13. Ne5 g6 14. Ndf3 c4 15. Bc2 Nxe5 16. fxe5 Be7 17. Bg5 Bc6 18. Rf1 h6 19. Bf6 Bxf6 20. exf6 Qxg3 21. hxg3 0-0-0 22. Ne5 Rd6 23. Nxf7 Rdd8 24. Nxh8 Rxh8 25. f7 Rf8 26. Bxg6 Kd8 27. Bh5 a5 28. Rf6 Ke7 29. Rxh6 b5 30. g4 b4 31. g5 b3 32. a3 Bd7 33. g6 Kf6 34. Rh7 Be8 35. fxe8Q Rxe8 36. g7 Rg8 37. Rh8 Rxg7 38. Ra8 Kg5 39. g4 Re7 40. Rxa5 e5 41. Rxd5 Ra7 42. Rxe5+ Kf6 43. g5+ Kg7 44. d5 Rb7 45. g6 Kf6 46. Re6+ Kg5 47. Bf3 Kf4 48. Kf2 Ra7 49. d6 Kf5 50. Re7 Ra6 51. d7 Rd6 52. g7 Rd2+ 53. Be2 Kf6 54. g8Q Kxe7 55. Qg5+ 1-0

[Event "GER-ch U12"]
[Site "Oberhof"]
[Date "2012.05.28"]
[Round "4"]
[White "Schumacher, Aaron"]
[Black "Frank, Kamila"]
[Result "1-0"]
[WhiteElo "1087"]
[BlackElo "932"]
[PlyCount "73"]
[EventDate "2012.05.27"]
[EventType "swiss"]
[EventRounds "11"]
[EventCountry "GER"]
[SourceTitle "CBM 148 Extra"]
[Source "ChessBase"]
[SourceDate "2012.06.22"]
[SourceVersion "1"]
[SourceVersionDate "2012.06.22"]
[SourceQuality "1"]

1. d4 Nf6 2. Bf4 g6 3. c3 d5 4. Nd2 Bg7 5. e3 0-0 6. Ngf3 Bg4 7. Bd3 Nbd7 8. h3 Bxf3 9. Qxf3 e6 10. 0-0-0 c5 11. c4 cxd4 12. exd4 Qa5 13. cxd5 Nxd5 14. a3 Bxd4 15. h4 Qb6 16. Nc4 Qb3 17. h5 N7b6 18. hxg6 Nxc4 19. gxf7+ Kxf7 20. Be5+ Ke7 21. Rxh7+ Ke8 22. Qh5+ Kd8 23. Bxd4 Ne7 24. Bxc4 Qxc4+ 25. Bc3+ Kc8 26. Rxe7 Qf4+ 27. Rd2 Qc4 28. Re8+ Rxe8 29. Qxe8+ Kc7 30. Qxa8 Qf1+ 31. Rd1 Qxf2 32. Qd8+ Kc6 33. Qd6+ Kb5 34. a4+ Kc4 35. Rd4+ Kb3 36. Qb4+ Ka2 37. Qa3# 1-0